| 000 | 00605nam a22002057a 4500 | ||
|---|---|---|---|
| 003 | OSt | ||
| 005 | 20260309080214.0 | ||
| 008 | 260309b |||||||| |||| 00| 0 eng d | ||
| 020 | _a1-59339-014-9 | ||
| 040 |
_aDWCL-Main Lib _cOC |
||
| 082 | _aGR. 591.7 B862 2004 | ||
| 110 |
_aBRITANICA _eCorporate Author |
||
| 245 | _aBritanica learning library : creatures of the waters / | ||
| 260 |
_aChicago : _bEncyclopedai Britanica, _cc2004. |
||
| 300 | _a64 pages | ||
| 504 | _a1. Includes glossary. | ||
| 650 | _aAnimal ecology - water. | ||
| 650 | _aAnimals - water creatures. | ||
| 942 |
_2ddc _cGR _mGR. _n0 |
||
| 999 |
_c8758 _d8758 |
||